[Event "29. Erfurter Schachfestival 2019 - Meis"]
[Site "Erfurt"]
[Date "2019.12.29"]
[Round "6.48"]
[White "Fahland, Maximilian"]
[Black "Wachsmann, Dietmar"]
[Result "1/2-1/2"]
[WhiteElo "1929"]
[BlackElo "2032"]
[Annotator "Ruether,Rudolf"]
[PlyCount "65"]
[EventDate "2019.12.26"]

1. d4 d5 2. Nf3 e6 3. g3 Nf6 4. Bg2 Be7 5. O-O O-O 6. c4 c5 7. cxd5 exd5 8. Nc3
Nc6 9. Bf4 Bg4 10. Be3 c4 11. Ne5 Be6 12. Nxc4 dxc4 13. d5 Nxd5 14. Nxd5 {(=)}
Qd7 15. Nxe7+ Qxe7 16. Qa4 Qf6 17. Qb5 Nd4 18. Bxd4 Qxd4 19. Rfd1 Qf6 20. Rac1
Rfd8 21. Bxb7 Rab8 22. Qa5 g6 23. Rxd8+ Rxd8 24. Rc2 Rd1+ 25. Kg2 Bf5 26. Rd2
Qg5 27. Rxd1 Bh3+ 28. Kxh3 Qxa5 29. Bd5 Qxa2 30. Rd2 Qa5 31. Rd4 Kg7 32. Bxc4
f5 33. b3 1/2-1/2

[Event "29. Erfurter Schachfestival 2019 - Meis"]
[Site "Erfurt"]
[Date "2019.12.29"]
[Round "6.49"]
[White "Franke, Luca"]
[Black "Höhn, Michael"]
[Result "1/2-1/2"]
[WhiteElo "1880"]
[BlackElo "2018"]
[PlyCount "29"]
[EventDate "2019.12.26"]

1. d4 Nf6 2. c4 g6 3. g3 Bg7 4. Bg2 O-O 5. Nc3 c6 6. Nf3 d5 7. cxd5 cxd5 8. O-O
Nc6 9. Ne5 e6 10. Nxc6 bxc6 11. Na4 Nd7 12. Bf4 e5 13. dxe5 Bxe5 14. Bxe5 Nxe5
15. Qd4 1/2-1/2

[Event "29. Erfurter Schachfestival 2019 - Meis"]
[Site "Erfurt"]
[Date "2019.12.29"]
[Round "6.50"]
[White "Pellicoro, Nathalie"]
[Black "Reitz, Philipp"]
[Result "1/2-1/2"]
[WhiteElo "1860"]
[BlackElo "2068"]
[PlyCount "23"]
[EventDate "2019.12.26"]

1. c4 Nf6 2. d4 g6 3. Nc3 d5 4. e3 Bg7 5. Nf3 O-O 6. Be2 c6 7. O-O b6 8. b3 Bb7
9. cxd5 cxd5 10. Bb2 Nbd7 11. Rc1 Rc8 12. Qd2 1/2-1/2

[Event "29. Erfurter Schachfestival 2019 - Meis"]
[Site "Erfurt"]
[Date "2019.12.29"]
[Round "6.51"]
[White "Held, Carsten"]
[Black "Smit, Frans"]
[Result "1/2-1/2"]
[WhiteElo "2082"]
[BlackElo "2009"]
[PlyCount "55"]
[EventDate "2019.12.26"]

1. Nf3 Nf6 2. c4 e6 3. g3 b6 4. Bg2 Bb7 5. O-O Be7 6. d4 d5 7. Ne5 O-O 8. Nc3
Nbd7 9. Qa4 Nxe5 10. dxe5 Ne4 11. Bxe4 dxe4 12. Rd1 Qe8 13. Qxe8 Rfxe8 14. Be3
Rac8 15. a3 Red8 16. Rxd8+ Rxd8 17. Kf1 Kf8 18. Ke1 a5 19. Nb5 Rd7 20. Rc1 c5
21. Nc3 Bd8 22. Nb5 Ke7 23. h4 h6 24. Rd1 Ba6 25. Rxd7+ Kxd7 26. f4 exf3 27.
exf3 Bc7 28. Nxc7 1/2-1/2

[Event "29. Erfurter Schachfestival 2019 - Meis"]
[Site "Erfurt"]
[Date "2019.12.29"]
[Round "6.52"]
[White "Grund, Sebastian"]
[Black "Hornung, Hans"]
[Result "0-1"]
[WhiteElo "2000"]
[BlackElo "2080"]
[PlyCount "108"]
[EventDate "2019.12.26"]

1. d4 Nf6 2. Nf3 e6 3. c4 c5 4. d5 d6 5. Nc3 exd5 6. cxd5 g6 7. Nd2 Nbd7 8. e4
Bg7 9. Be2 O-O 10. O-O Re8 11. f4 c4 12. Bf3 Nc5 13. e5 dxe5 14. fxe5 Rxe5 15.
Nxc4 Re8 16. Bf4 Nfe4 17. Nxe4 Nxe4 18. Re1 Qf6 19. Qa4 Bd7 20. Qxd7 Qxf4 21.
Rad1 Rad8 22. Qxb7 Ng5 23. Qb3 Nxf3+ 24. gxf3 Rxe1+ 25. Rxe1 Qg5+ 26. Kh1 Qxd5
27. Re7 Bd4 28. Nd2 Qxb3 29. Nxb3 Bb6 30. Kg2 Rd1 31. Re2 Kg7 32. Rd2 Rg1+ 33.
Kh3 h5 34. Rg2 Re1 35. Rd2 Kf6 36. Kg2 Kf5 37. Kg3 Rg1+ 38. Rg2 Rxg2+ 39. Kxg2
Kf4 40. Nd2 Ke3 41. Nc4+ Kd4 42. b3 Bc7 43. h3 Kd3 44. Kf1 Kc2 45. Na3+ Kb2 46.
Nb5 Bb6 47. Nd6 Kxa2 48. Nxf7 Kxb3 49. Ne5 g5 50. Ke2 Bc7 51. Nc6 a6 52. Kd3 h4
53. Ke4 Kc4 54. Kf5 Kc5 0-1

[Event "29. Erfurter Schachfestival 2019 - Meis"]
[Site "Erfurt"]
[Date "2019.12.29"]
[Round "6.53"]
[White "Minor, Viatcheslav"]
[Black "Berberich, Christoph"]
[Result "1-0"]
[WhiteElo "2062"]
[BlackElo "1988"]
[PlyCount "105"]
[EventDate "2019.12.26"]

1. e4 c5 2. c3 d5 3. exd5 Qxd5 4. d4 cxd4 5. cxd4 Nc6 6. Nf3 e5 7. Nc3 Bb4 8.
Bd2 Bxc3 9. Bxc3 e4 10. Ne5 Nxe5 11. dxe5 Ne7 12. Qc2 O-O 13. Rd1 Qxa2 14. Bb4
Bg4 15. Bxe7 Rfc8 16. Qxe4 Bxd1 17. Bd3 g6 18. O-O Qe6 19. Bf6 Bb3 20. Qf4 Qe8
21. h4 Rd8 22. Bb5 Qf8 23. h5 a6 24. Be2 Rac8 25. Qg5 Re8 26. Bf3 Re6 27. Bxb7
Rb8 28. Be4 Rxf6 29. Qxf6 Qg7 30. hxg6 hxg6 31. Qd6 Qf8 32. Qxa6 Rb4 33. Re1
Qb8 34. Qf6 Rb6 35. Qg5 Re6 36. Bd3 Qa8 37. Qf4 Kg7 38. Qe3 Qa5 39. Bb1 Qb4 40.
Rc1 Qb8 41. Re1 Qb4 42. f4 Bd5 43. Re2 Qa4 44. f5 gxf5 45. Bxf5 Qa1+ 46. Re1
Qxb2 47. Qg3+ Kf8 48. Bxe6 Bxe6 49. Qe3 Kg7 50. Rd1 Qa2 51. Qg5+ Kh7 52. Rf1
Bd5 53. Rf6 1-0

[Event "29. Erfurter Schachfestival 2019 - Meis"]
[Site "Erfurt"]
[Date "2019.12.29"]
[Round "6.54"]
[White "Grohmann, Alexander"]
[Black "Chassard, Cedric"]
[Result "1/2-1/2"]
[WhiteElo "1980"]
[BlackElo "2049"]
[Annotator "Ruether,Rudolf"]
[PlyCount "128"]
[EventDate "2019.12.26"]

1. e4 e5 2. Nf3 Nc6 3. Bc4 Bc5 4. c3 Nf6 5. d3 O-O 6. Bb3 d5 7. Qe2 Be6 8. Nbd2
Qe7 9. Nf1 Ng4 10. Ne3 Nxe3 11. Bxe3 Bxe3 12. Qxe3 d4 13. Qg5 f6 14. Bxe6+ Qxe6
15. Qd2 {(=)} dxc3 16. bxc3 Rfd8 17. O-O Rd6 18. Rfd1 Rad8 19. Ne1 Nb8 20. Qe3
Nc6 21. h3 Qd7 22. f4 b6 23. Qg3 Qe8 24. Qe3 Qh5 25. f5 Qf7 26. Rd2 Qd7 27.
Rad1 Na5 28. Nf3 Qc6 29. Rc1 Qd7 30. Rcd1 c5 31. Kf1 Qb5 32. Kg1 Qd7 33. Kf1
Kh8 34. Kg1 Nc6 35. Kf1 Kg8 36. Kg1 Kf8 37. Kf1 Na5 38. Kg1 Qe8 39. Kh2 Kg8 40.
Kg1 Qa4 41. Kh2 Nc6 42. Kh1 Na5 43. Kh2 Qa3 44. Rc2 Nc6 45. Qe2 Qa4 46. Rcc1
Na5 47. Rd2 {(=)} Qa3 48. Rcc2 Nc6 49. Kh1 Qa6 50. Ne1 Na5 51. Kh2 c4 52. dxc4
Qxc4 53. Qd1 Qc6 54. c4 Rxd2 55. Rxd2 Rxd2 56. Qxd2 Nxc4 57. Qd8+ Kf7 58. Qb8
Qd7 59. Nf3 Nd6 60. Nd2 Nb7 61. Qxa7 Qc6 {(=)} 62. Nc4 Qxc4 63. Qxb7+ Kf8 64.
Qxb6 Qxa2 1/2-1/2

[Event "29. Erfurter Schachfestival 2019 - Meis"]
[Site "Erfurt"]
[Date "2019.12.29"]
[Round "6.55"]
[White "Pedersen, Lars Wilton"]
[Black "Weimert, Miriam"]
[Result "1-0"]
[WhiteElo "2047"]
[BlackElo "1845"]
[Annotator "Ruether,Rudolf"]
[PlyCount "63"]
[EventDate "2019.12.26"]

1. c4 e5 2. Nc3 Nf6 3. Nf3 Nc6 4. d4 exd4 5. Nxd4 Bb4 6. Bg5 h6 7. Bh4 Ne5 8.
f4 Ng6 9. Bxf6 Qxf6 10. g3 O-O 11. Bg2 Bxc3+ 12. bxc3 c5 13. Nb5 a6 14. Nd6
Qxc3+ 15. Kf2 Rb8 16. Rc1 Qa5 17. Qc2 Qc7 18. Rhd1 Ne7 19. e3 Nc6 20. Qf5 b6 {
(=)} 21. h4 Ne7 22. Qe5 Nc6 23. Qh5 Bb7 24. Qg4 Ba8 25. Nf5 g6 26. Rxd7 Qc8 27.
Bxc6 Kh7 28. Ne7 Qe8 29. Rcd1 Bxc6 30. Nxc6 Ra8 31. Ne5 Kh8 32. h5 1-0

[Event "29. Erfurter Schachfestival 2019 - Meis"]
[Site "Erfurt"]
[Date "2019.12.29"]
[Round "6.56"]
[White "Dehmel, Jens"]
[Black "Petri, Raphael"]
[Result "1/2-1/2"]
[WhiteElo "2045"]
[BlackElo "1839"]
[PlyCount "43"]
[EventDate "2019.12.26"]

1. d4 d5 2. c4 Nc6 3. Nc3 Nf6 4. cxd5 Nxd5 5. Nf3 Bg4 6. e4 Nxc3 7. bxc3 a6 8.
Be2 Bxf3 9. Bxf3 e5 10. d5 Na5 11. O-O Bc5 12. Qa4+ c6 13. c4 O-O 14. Bd2 b6
15. Bxa5 bxa5 16. Qxc6 Qc8 17. Qxc8 Rfxc8 18. Rab1 Rab8 19. Bg4 Rd8 20. g3 a4
21. Rfd1 Kf8 22. Kf1 1/2-1/2

[Event "29. Erfurter Schachfestival 2019 - Meis"]
[Site "Erfurt"]
[Date "2019.12.29"]
[Round "6.57"]
[White "Schellmann, Frank"]
[Black "Payyappat, Sreyas"]
[Result "1/2-1/2"]
[WhiteElo "1992"]
[BlackElo "2166"]
[PlyCount "77"]
[EventDate "2019.12.26"]

1. e4 e5 2. Nf3 Nc6 3. Bc4 Bc5 4. c3 Nf6 5. d3 O-O 6. O-O d6 7. Bb3 h6 8. Re1
Re8 9. h3 a6 10. Nbd2 Be6 11. Nf1 Bxb3 12. Qxb3 Qd7 13. Be3 Bxe3 14. Nxe3 b6
15. Rad1 Rad8 16. Nd5 Nxd5 17. Qxd5 Ne7 18. Qb3 Ng6 19. d4 exd4 20. cxd4 Re6
21. d5 Rf6 22. e5 dxe5 23. Nxe5 Qf5 24. Ng4 Rfd6 25. Ne3 Qg5 26. Qc4 Ne5 27.
Qe4 Rf6 28. h4 Qf4 29. Qxf4 Rxf4 30. b3 Rf6 31. Re2 g6 32. Rc1 c6 33. dxc6 Rxc6
34. Rec2 Rcd6 35. Rc8 Kg7 36. Rxd8 Rxd8 37. Rc2 Rd4 38. g3 h5 39. Kg2 1/2-1/2

[Event "29. Erfurter Schachfestival 2019 - Meis"]
[Site "Erfurt"]
[Date "2019.12.29"]
[Round "6.58"]
[White "Dobierzin, Olaf"]
[Black "Sieber, Heiko"]
[Result "1/2-1/2"]
[WhiteElo "2056"]
[BlackElo "1949"]
[Annotator "Ruether,Rudolf"]
[PlyCount "70"]
[EventDate "2019.12.26"]

1. e4 c5 2. Nf3 Nc6 3. d4 cxd4 4. Nxd4 Nf6 5. Nc3 e5 6. Ndb5 d6 7. Bg5 a6 8.
Na3 Be7 9. Bxf6 Bxf6 10. Nc4 Be7 11. Nd5 b5 12. Nxe7 Kxe7 13. Ne3 Be6 14. c3
Qb6 15. Be2 b4 16. O-O bxc3 {(=)} 17. bxc3 Qa5 18. Qd3 Rhd8 19. Nd5+ Kf8 20.
Rfd1 Bxd5 21. exd5 Ne7 22. Qxh7 Qxc3 23. Qh8+ Ng8 24. Bd3 g6 25. Rac1 Qa5 26.
h4 Rac8 27. Rxc8 Rxc8 28. h5 Qa4 29. Rb1 gxh5 30. Bh7 Qg4 31. Bxg8 Qxg8 32.
Qh6+ Ke8 33. Qxd6 Qg5 34. Rb8 Qc1+ 35. Kh2 Qf4+ 1/2-1/2

[Event "29. Erfurter Schachfestival 2019 - Meis"]
[Site "Erfurt"]
[Date "2019.12.29"]
[Round "6.59"]
[White "Kottwitz, Daniel"]
[Black "Farokhi, Keyvan"]
[Result "1-0"]
[WhiteElo "1949"]
[BlackElo "2023"]
[Annotator "Ruether,Rudolf"]
[PlyCount "119"]
[EventDate "2019.12.26"]

1. d4 Nf6 2. Bf4 d5 3. e3 c5 4. c3 e6 5. Nd2 Bd6 6. Bxd6 Qxd6 7. f4 O-O 8. Ngf3
cxd4 9. cxd4 b6 10. a3 Ba6 11. Bxa6 Nxa6 12. Ne5 Rac8 13. O-O Ne4 14. Nxe4 dxe4
15. Rc1 {(=)} f6 16. Nc4 Qd7 17. Qb3 Nc7 18. Nd2 f5 19. Nc4 Nd5 20. Rc2 Rc7 21.
Ne5 Qd6 22. Rfc1 Rfc8 23. Kf2 Qe7 24. g3 g6 25. Rxc7 Rxc7 26. Rxc7 Qxc7 27. Qc4
Qxc4 28. Nxc4 Kf8 29. Ne5 a6 30. Ke2 Ke7 31. Kd2 a5 32. Nc4 h6 33. Ke2 Kf6 34.
Kf2 g5 35. fxg5+ Kxg5 36. h3 h5 37. h4+ Kf6 38. Ke2 a4 39. Ne5 Ke7 40. Kd2 b5
41. Ng6+ Kd6 42. Nf4 Nxf4 43. gxf4 Kd5 44. Kc3 Kc6 45. Kb4 Kb6 46. Kc3 Ka6 47.
d5 exd5 48. Kd4 b4 49. Kxd5 bxa3 50. bxa3 Kb5 51. Kd4 Kb6 52. Ke5 Kc5 53. Kxf5
Kc4 54. Kxe4 Kb3 55. f5 Kxa3 56. f6 Kb3 57. f7 a3 58. f8=R a2 59. Ra8 Kb2 60.
Rxa2+ 1-0

[Event "29. Erfurter Schachfestival 2019 - Meis"]
[Site "Erfurt"]
[Date "2019.12.29"]
[Round "6.60"]
[White "Geißhirt, Marco"]
[Black "Diener, Carolin Valeria"]
[Result "1-0"]
[WhiteElo "2022"]
[BlackElo "1864"]
[PlyCount "49"]
[EventDate "2019.12.26"]

1. e4 e5 2. Nf3 Nc6 3. Nc3 Nf6 4. Nxe5 Nxe5 5. d4 Bb4 6. dxe5 Nxe4 7. Qg4 Nxc3
8. Qxb4 Nd5 9. Qg4 Rg8 10. Qe4 Ne7 11. Qxh7 d6 12. Bg5 Kf8 13. O-O-O Be6 14.
Qd3 d5 15. h4 Qd7 16. h5 Nf5 17. f4 Qa4 18. a3 Rh8 19. g4 Nh6 20. f5 Qxg4 21.
Bxh6 Bxf5 22. Bxg7+ Kxg7 23. Qe3 Qe4 24. Qg5+ Kf8 25. Bd3 1-0

[Event "29. Erfurter Schachfestival 2019 - Meis"]
[Site "Erfurt"]
[Date "2019.12.29"]
[Round "6.61"]
[White "Gründer, Michael"]
[Black "Arnhold, Steffi"]
[Result "1/2-1/2"]
[WhiteElo "1902"]
[BlackElo "2018"]
[PlyCount "78"]
[EventDate "2019.12.26"]

1. Nf3 Nf6 2. c4 e6 3. g3 d5 4. Bg2 Be7 5. O-O O-O 6. d4 dxc4 7. Qc2 a6 8. Qxc4
b5 9. Qc2 Bb7 10. Bd2 Nbd7 11. Ba5 Rc8 12. Rd1 Qe8 13. b4 Nb6 14. Nbd2 Nfd5 15.
a3 Na4 16. Rac1 f5 17. Qb3 Bd6 18. Ne5 Bxe5 19. dxe5 Qf7 20. e4 fxe4 21. Nxe4
Ndc3 22. Rxc3 Nxc3 23. Qxc3 Bxe4 24. Bxe4 Qxf2+ 25. Kh1 Rcd8 26. Rg1 Rd2 27.
Bg2 Rc2 28. Qd3 Re2 29. Qd1 Rd2 30. Qe1 Rc2 31. Qd1 h6 32. Qd7 Re2 33. Qd1 Rd2
34. Qe1 Rc2 35. Qd1 Kh8 36. Qd7 Re2 37. Qd1 Rc2 38. Qd7 Re2 39. Qd1 Rc2 1/2-1/2

[Event "29. Erfurter Schachfestival 2019 - Meis"]
[Site "Erfurt"]
[Date "2019.12.29"]
[Round "6.62"]
[White "Kurze, Christoph"]
[Black "Halas, Julia"]
[Result "1/2-1/2"]
[WhiteElo "2016"]
[BlackElo "2087"]
[PlyCount "67"]
[EventDate "2019.12.26"]

1. Nf3 Nf6 2. c4 g6 3. g3 Bg7 4. Nc3 O-O 5. Bg2 d6 6. d4 c5 7. O-O Nc6 8. d5
Na5 9. Nd2 Rb8 10. e4 a6 11. a4 Bd7 12. Qc2 b5 13. axb5 axb5 14. cxb5 Bxb5 15.
Nxb5 Rxb5 16. Re1 Qb6 17. Ra2 Ng4 18. h3 Ne5 19. Bf1 Rb4 20. f4 c4+ 21. Kg2 Nd3
22. Bxd3 cxd3 23. Qxd3 Rc8 24. Nf3 Rb3 25. Be3 Rxd3 26. Bxb6 Rc2+ 27. Bf2 Nc4
28. Ra8+ Bf8 29. Rb8 Nxb2 30. Rf1 Re2 31. Re1 Rc2 32. Rf1 Re2 33. Re1 Rc2 34.
Rf1 1/2-1/2

[Event "29. Erfurter Schachfestival 2019 - Meis"]
[Site "Erfurt"]
[Date "2019.12.29"]
[Round "6.63"]
[White "Cipra, Lothar"]
[Black "Bonnelykke, Ole"]
[Result "0-1"]
[WhiteElo "1921"]
[BlackElo "2059"]
[PlyCount "60"]
[EventDate "2019.12.26"]

1. d4 Nf6 2. c4 e6 3. Nf3 c5 4. d5 b5 5. dxe6 fxe6 6. cxb5 d5 7. e3 Bd6 8. b3
Qe7 9. Bb2 e5 10. Nbd2 Bb7 11. Qc2 Nbd7 12. Nh4 g6 13. g3 O-O 14. Bd3 e4 15.
Be2 d4 16. Bc4+ Kg7 17. O-O d3 18. Qd1 Ne5 19. a4 Rae8 20. a5 Bc8 21. Nxe4 Nxe4
22. f4 Bb7 23. Qxd3 Kh6 24. fxe5 Bxe5 25. Bxe5 Qxe5 26. Ng2 Ng5 27. Rxf8 Rxf8
28. Rf1 Nh3+ 29. Kh1 Nf2+ 30. Rxf2 Rxf2 0-1

[Event "29. Erfurter Schachfestival 2019 - Meis"]
[Site "Erfurt"]
[Date "2019.12.29"]
[Round "6.64"]
[White "Bajorski, Marius"]
[Black "Pellicoro, Fabian"]
[Result "1-0"]
[WhiteElo "1994"]
[BlackElo "1889"]
[PlyCount "49"]
[EventDate "2019.12.26"]

1. d4 d6 2. Nc3 Nf6 3. e4 e5 4. Nf3 Nbd7 5. Rg1 exd4 6. Nxd4 Nc5 7. f3 Be7 8.
Be3 O-O 9. Qd2 d5 10. e5 Nfd7 11. f4 Nb6 12. O-O-O Ne6 13. Nf5 Bc5 14. g4 Bxe3
15. Qxe3 c5 16. Nxd5 Nxd5 17. Rxd5 Qa5 18. a3 b5 19. Ne7+ Kh8 20. f5 Bb7 21.
Rd7 Nd8 22. f6 b4 23. fxg7+ Kxg7 24. Qg5+ Kh8 25. Qf6# 1-0

[Event "29. Erfurter Schachfestival 2019 - Meis"]
[Site "Erfurt"]
[Date "2019.12.29"]
[Round "6.65"]
[White "Matthäi, Jakob"]
[Black "Schmidt, Kai-Uwe"]
[Result "1-0"]
[WhiteElo "1838"]
[BlackElo "1982"]
[PlyCount "99"]
[EventDate "2019.12.26"]

1. e4 c5 2. c3 Nf6 3. e5 Nd5 4. d4 cxd4 5. Nf3 e6 6. cxd4 d6 7. Bc4 Nc6 8. O-O
Be7 9. Qe2 O-O 10. Nc3 Nxc3 11. bxc3 dxe5 12. Nxe5 Nxe5 13. Qxe5 Bd7 14. Bd2
Bf6 15. Qe2 Bc6 16. f4 Rc8 17. Rae1 Bd5 18. Bd3 g6 19. g4 Re8 20. g5 Bg7 21. h4
Bxa2 22. Ra1 Bd5 23. Rxa7 Bc6 24. Rfa1 Qd5 25. Kh2 Qd6 26. Bb5 Qd7 27. Bxc6
Qxc6 28. Qg2 Bf8 29. Rxb7 Qxg2+ 30. Kxg2 Ra8 31. Raa7 Rxa7 32. Rxa7 Rb8 33. Kf3
h6 34. c4 Bg7 35. Be3 Rb3 36. Ke4 f5+ 37. gxf6 Bxf6 38. Ra1 Bxh4 39. Rh1 Bf6
40. Rxh6 Kg7 41. Rh1 Rc3 42. c5 Kf7 43. Rb1 Be7 44. Rb7 Ke8 45. Bd2 Ra3 46. c6
Ra2 47. Bc3 Kd8 48. d5 Re2+ 49. Kd3 Ra2 50. d6 1-0

[Event "29. Erfurter Schachfestival 2019 - Meis"]
[Site "Erfurt"]
[Date "2019.12.29"]
[Round "7.2"]
[White "Kuznecovs, Nikita"]
[Black "Schulz, Karsten"]
[Result "0-1"]
[WhiteElo "2306"]
[BlackElo "2267"]
[Annotator "Kohlstädt,Jürgen"]
[PlyCount "66"]
[EventDate "2019.12.26"]

1. d4 Nf6 2. c4 d6 3. Nf3 Nbd7 4. g3 e5 5. Bg2 Be7 6. O-O O-O 7. Nc3 c6 {(=)}
8. e4 a6 9. d5 cxd5 10. cxd5 b5 11. a3 Nb6 12. Ne1 Bd7 13. Nd3 Qc7 14. Bd2 Nc4
15. Be1 a5 16. b3 Nxa3 17. Rxa3 b4 18. Ra2 bxc3 19. Rc2 Rfc8 20. Bxc3 a4 21. b4
Qc4 22. Re1 a3 23. Rc1 Ba4 24. Qd2 Bb5 25. Re3 Qb3 26. Bf3 a2 27. Ree1 a1=Q 28.
Rxa1 Rxa1 29. Rxa1 Qxc3 30. Qxc3 Rxc3 31. Ne1 Rc8 32. Ra7 Rc1 33. Ra8+ Bf8 0-1

[Event "29. Erfurter Schachfestival 2019 - Meis"]
[Site "Erfurt"]
[Date "2019.12.29"]
[Round "7.3"]
[White "Everett, Elijah"]
[Black "Abel, Dennes"]
[Result "0-1"]
[WhiteElo "2230"]
[BlackElo "2463"]
[PlyCount "94"]
[EventDate "2019.12.26"]

1. e4 c6 2. d4 d5 3. Nd2 dxe4 4. Nxe4 Bf5 5. Ng3 Bg6 6. h4 h6 7. Nf3 Nd7 8. h5
Bh7 9. Bd3 Bxd3 10. Qxd3 e6 11. Bd2 Ngf6 12. O-O-O Be7 13. Kb1 Qb6 14. c4 O-O
15. Ne4 Rad8 16. g4 Nxg4 17. Qe2 f5 18. Rdg1 c5 19. Ne5 Ndxe5 20. dxe5 Qc6 21.
Nc3 Qd7 22. Kc2 Qxd2+ 23. Qxd2 Rxd2+ 24. Kxd2 Nxe5 25. Ke2 Nxc4 26. Rd1 Nd6 27.
Rd2 Rc8 28. Rhd1 Rc6 29. Kf3 Kf7 30. Ne2 e5 31. Nc3 Ke6 32. Ke2 Bg5 33. Rc2 a6
34. Kf3 Bf6 35. Kg2 e4 36. Kf1 Bd4 37. Kg2 Rc8 38. Ne2 Be5 39. Nc3 Rc6 40. Kf1
b5 41. Kg2 c4 42. Ne2 Nb7 43. Nd4+ Bxd4 44. Rxd4 Nd6 45. Kg3 Ne8 46. Rd8 Nf6
47. Kh4 f4 0-1

[Event "29. Erfurter Schachfestival 2019 - Meis"]
[Site "Erfurt"]
[Date "2019.12.29"]
[Round "7.4"]
[White "Ortmeier, Leonhard"]
[Black "Paul, Johannes"]
[Result "0-1"]
[WhiteElo "2208"]
[BlackElo "2374"]
[PlyCount "82"]
[EventDate "2019.12.26"]

1. Nf3 Nf6 2. c4 g6 3. g3 Bg7 4. Bg2 O-O 5. d4 d6 6. Nc3 Nc6 7. O-O a6 8. Qd3
e5 9. dxe5 dxe5 10. Qxd8 Rxd8 11. Bg5 Be6 12. Nd2 Nd4 13. Rfd1 h6 14. Bxf6 Bxf6
15. e3 Nc2 16. Rab1 Bg4 17. Rdc1 Nb4 18. Bxb7 Rab8 19. Nd5 Bg7 20. Ne4 Rxb7 21.
Ndf6+ Kh8 22. Nxg4 f5 23. Nc5 Rb6 24. a3 Nd3 25. Rd1 e4 26. f3 fxg4 27. fxe4
Rbd6 28. Nb7 Nxb2 29. Rxd6 Rxd6 30. Nxd6 cxd6 31. Rc1 Na4 32. Rb1 Nc5 33. Rb6
Be5 34. Rc6 Kg7 35. Rb6 Kf6 36. Kg2 Ke6 37. Rb1 Nxe4 38. Rb6 Nc5 39. Rb1 a5 40.
Rb5 a4 41. Rb4 Kf5 0-1

[Event "29. Erfurter Schachfestival 2019 - Meis"]
[Site "Erfurt"]
[Date "2019.12.29"]
[Round "7.5"]
[White "Pubantz, Jan"]
[Black "Nothnagel, Marian Can"]
[Result "1/2-1/2"]
[WhiteElo "2207"]
[BlackElo "2369"]
[Annotator "Kohlstädt,Jürgen"]
[PlyCount "74"]
[EventDate "2019.12.26"]

1. d4 Nf6 2. c4 g6 3. Nc3 Bg7 4. e4 d6 5. Nf3 O-O 6. Be2 e5 {(=)} 7. Be3 Ng4 8.
Bg5 f6 9. Bh4 g5 10. Bg3 Nh6 11. dxe5 fxe5 12. c5 g4 13. Qd5+ Nf7 14. Nh4 c6
15. Qd1 Bf6 16. Bxg4 Bxh4 17. Bxc8 Bxg3 18. Qg4+ Qg5 19. hxg3 Qxg4 20. Bxg4
dxc5 21. Rd1 Kg7 22. Rh5 Re8 23. Ke2 Re7 24. f4 Na6 25. Rd7 Rae8 26. fxe5 Rxd7
27. Bxd7 Rxe5 28. Rxe5 Nxe5 29. Bc8 Nc7 30. Bxb7 Ne6 31. Na4 Kf6 32. Bc8 Nd4+
33. Ke3 Nc4+ 34. Kd3 Ne5+ 35. Kd2 Nc4+ 36. Kd3 Ne5+ 37. Kc3 Nb5+ {(=)} 1/2-1/2

[Event "29. Erfurter Schachfestival 2019 - Meis"]
[Site "Erfurt"]
[Date "2019.12.29"]
[Round "7.6"]
[White "Kolb, Tobias"]
[Black "Stein, Robert"]
[Result "1/2-1/2"]
[WhiteElo "2185"]
[BlackElo "2327"]
[PlyCount "138"]
[EventDate "2019.12.26"]

1. e4 c6 2. d4 d5 3. exd5 cxd5 4. Bd3 Nc6 5. c3 Qc7 6. Ne2 Bg4 7. O-O e6 8. Qe1
Bd6 9. f3 Bh5 10. Qh4 Bg6 11. Bxg6 fxg6 12. Nf4 Bxf4 13. Bxf4 Qf7 14. h3 Nge7
15. Bh2 O-O 16. Nd2 h6 17. Rae1 Nf5 18. Qf2 Qd7 19. Nb3 b6 20. Nc1 Rf6 21. Be5
Rf7 22. Nd3 Raf8 23. Qe2 g5 24. Qd2 Nce7 25. Bh2 Ng6 26. Ne5 Nxe5 27. Bxe5 a5
28. Re2 a4 29. Ref2 b5 30. Kh2 Qe7 31. g3 h5 32. f4 gxf4 33. Bxf4 h4 34. Qd3
Nd6 35. Kg2 Ne4 36. Rf3 hxg3 37. Bxg3 Qg5 38. Rxf7 Rxf7 39. Rxf7 Kxf7 40. Qf3+
Kg6 41. h4 Qh5 42. Qxh5+ Kxh5 43. Kh3 a3 44. bxa3 Nxc3 45. Bf4 Na4 46. Kg3 Nb6
47. Bd6 Nc4 48. Bf8 g6 49. Be7 Ne3 50. Kf4 Nf5 51. Bf6 Nxh4 52. Ke5 Nf3+ 53.
Kxe6 g5 54. Kxd5 g4 55. Ke4 Nd2+ 56. Kf4 Nc4 57. d5 Nb6 58. d6 Nd7 59. Bd4 Kg6
60. Kxg4 Nb8 61. Kf4 Nc6 62. Ke4 Kf7 63. Kd5 Nb8 64. Ba7 Nd7 65. Kc6 Ke6 66.
Bc5 Ne5+ 67. Kxb5 Kd7 68. Kb6 Kc8 69. Bd4 Nc4+ 1/2-1/2

[Event "29. Erfurter Schachfestival 2019 - Meis"]
[Site "Erfurt"]
[Date "2019.12.29"]
[Round "7.7"]
[White "Weishaeutel, Moritz"]
[Black "Miszler, Levente"]
[Result "1/2-1/2"]
[WhiteElo "2231"]
[BlackElo "2167"]
[Annotator "Kohlstädt,Jürgen"]
[PlyCount "63"]
[EventDate "2019.12.26"]

1. e4 e6 2. d4 d5 3. Nd2 Nf6 4. e5 Nfd7 5. Bd3 c5 6. c3 Nc6 7. Ne2 cxd4 8. cxd4
f6 9. exf6 Nxf6 10. O-O Bd6 11. Nf3 O-O 12. Bf4 Bxf4 13. Nxf4 Ne4 14. Qc1 Qf6
15. Ne2 Nb4 16. Bxe4 dxe4 17. Ne5 Nd3 18. Qc3 Nf4 19. Ng3 b6 20. Qc6 Rb8 21.
Nd7 Bxd7 22. Qxd7 Rf7 23. Qa4 b5 24. Qc2 Qxd4 25. Rad1 Nd3 {(=)} 26. Nxe4 Qxe4
27. Rxd3 Rd7 28. Rfd1 Rxd3 29. Qxd3 Qxd3 30. Rxd3 Rc8 31. g3 Rc2 32. Rd8+
1/2-1/2

[Event "29. Erfurter Schachfestival 2019 - Meis"]
[Site "Erfurt"]
[Date "2019.12.29"]
[Round "7.8"]
[White "Langheinrich, Ferenc"]
[Black "Heyder, Florian"]
[Result "1-0"]
[WhiteElo "2378"]
[BlackElo "2205"]
[PlyCount "31"]
[EventDate "2019.12.26"]

1. e4 e6 2. d4 d5 3. Nc3 Bb4 4. exd5 exd5 5. Bd3 Nc6 6. a3 Bxc3+ 7. bxc3 Nge7
8. Qf3 Be6 9. Qg3 O-O 10. Ne2 Nf5 11. Qf4 Nce7 12. h4 Ng6 13. Qf3 Ngxh4 14. Qh3
Ne3 15. Bxh7+ Kxh7 16. Qxh4+ 1-0

[Event "29. Erfurter Schachfestival 2019 - Meis"]
[Site "Erfurt"]
[Date "2019.12.29"]
[Round "7.9"]
[White "Schmuecker, Marcus"]
[Black "Meissner, Felix"]
[Result "1/2-1/2"]
[WhiteElo "2210"]
[BlackElo "2377"]
[Annotator "Kohlstädt,Jürgen"]
[PlyCount "26"]
[EventDate "2019.12.26"]

1. Nf3 Nf6 2. g3 b6 3. Bg2 Bb7 4. O-O e6 5. c4 c5 6. b3 d6 7. Bb2 Be7 8. Nc3
O-O 9. d4 cxd4 10. Qxd4 Nbd7 11. Rfd1 a6 12. Rac1 Qc7 13. Ne1 Bxg2 {(=)}
1/2-1/2

[Event "29. Erfurter Schachfestival 2019 - Meis"]
[Site "Erfurt"]
[Date "2019.12.29"]
[Round "7.10"]
[White "Lagunow, Alexander"]
[Black "Zienert, Richard"]
[Result "1/2-1/2"]
[WhiteElo "2374"]
[BlackElo "2171"]
[Annotator "Kohlstädt,Jürgen"]
[PlyCount "68"]
[EventDate "2019.12.26"]

1. c4 c5 2. Nf3 Nf6 3. Nc3 g6 4. d4 cxd4 5. Nxd4 Bg7 6. e4 d6 7. Be2 Nc6 8. Be3
O-O 9. O-O Bd7 10. Qd2 Ng4 11. Bxg4 Bxg4 12. f3 Be6 13. b3 a6 14. Rad1 Nxd4 15.
Bxd4 Bxd4+ 16. Qxd4 b5 {(=)} 17. cxb5 axb5 18. Rf2 Qb8 19. Qb4 Rc8 20. Nxb5 Bd7
21. a4 Rc5 22. Rb2 Bxb5 23. axb5 Rxb5 24. Qc4 Qb6+ 25. Kh1 Rb8 26. Rdb1 Rc5 27.
Qd3 Qb4 28. Rc2 Rbc8 29. Rxc5 Rxc5 30. h3 h5 31. Qd1 Rb5 32. Qd3 h4 33. Qe3 Kg7
34. Qf2 g5 1/2-1/2